000 00698nam a2200289Ia 4500
005 20260324143320.0
008 008 260324s9999 xx 000 0 eng d
020 _a9780203983713
037 _aEBOOK
040 _aCRL
040 _beng
040 _cCRL
041 _2eng
041 _aeng
084 _qCRL
100 _aRobin Churchill; Geir Ulfstein
_91215199
245 0 _aMarine Management in Disputed Areas
245 4 _bThe Case of the Barents Sea
260 _bTaylor and Francis
260 _c1992
365 _a
365 _b290
856 _uhttp://www.taylorfrancis.com/books/9780203983713
942 _cEBOOK
999 _c1820418
_d1820418